Genshin Impact Characters (Updated) - Statistics

General Stats
  • This quiz has been taken 4,939 times
    4,672 since last reset
  • The average score is 24 of 31
Answer Stats
Hint Answer % Correct
Pyro Diluc
91%
Geo Zhongli
91%
Anemo Venti
90%
Pyro Amber
89%
Anemo Jean
89%
Cryo Kaeya
87%
Electro Lisa
87%
Hydro Barbara
85%
Pyro Klee
83%
Anemo Xiao
83%
Anemo Sucrose
82%
Pyro Bennett
81%
Geo Noelle
81%
Geo Albedo
80%
Hydro Mona
80%
Electro Keqing
77%
Geo Ningguang
77%
Electro Razor
77%
Pyro Xiangling
77%
Cryo Chongyun
76%
Electro Fischl
76%
Cryo Qiqi
76%
Hydro Xingqiu
76%
Electro Beidou
75%
Hydro Tartaglia
75%
Cryo Diona
73%
Cryo Ganyu
73%
Pyro Xinyan
70%
Anemo Traveler
57%
Geo Traveler
57%
Pyro Hu tao
37%
No matching quizzes found
Score Distribution
Percent of People with Each Score
Percentile by Number Answered
Your Score History
You have not taken this quiz since the last reset